| 000 | 00791nmm a2200277 a 4500 | ||
|---|---|---|---|
| 003 | AR-BaBNM | ||
| 005 | 20251128211214.0 | ||
| 008 | 263020s1998 ||||||||||||||000 | spa|| | ||
| 020 | _a987-9075-50-1 | ||
| 040 | _cAR-BaBNM | ||
| 100 | 1 |
_aCueto, Adolfo Omar _d1955- |
|
| 245 | 1 | 0 |
_aHistoria Institucional de Mendoza _bMinisterio de Cultura y Educación _n1 |
| 260 |
_aMendoza _c1998 _bEdiciones Culturales de Mendoza |
||
| 300 | 0 | _a153 p. | |
| 650 | 4 | _aHISTORIA ARGENTINA | |
| 650 | 4 | _aHISTORIA MENDOCINA | |
| 650 | 4 | _aHISTORIA PROVINCIAL ARGENTINA | |
| 650 | 4 | _aINSTITUCIONES CIENTIFICAS | |
| 650 | 4 | _aHISTORIA POLITICA | |
| 650 | 4 | _aHISTORIA DE LA EDUCACION | |
| 650 | 4 | _aESCUELAS | |
| 650 | 4 | _aSIGLO DIECINUEVE | |
| 651 | 4 | _aArgentina | |
| 942 | _cBK | ||
| 998 | _cMariana | ||
| 999 |
_c18709 _d18709 |
||